The yard / (Record no. 100138)

MARC details
000 -LEADER
fixed length control field 00486nam a22001817a 4500
005 - DATE AND TIME OF LATEST TRANSACTION
control field 20160624140818.0
010 ## - LCCN (DPL NO)
LC control number ENG-115176
020 ## - INTERNATIONAL STANDARD BOOK NUMBER
International Standard Book Number 9789385755088
Terms of availability 350.00
035 ## - SYSTEM CONTROL NUMBER
System control number EN-98708
037 ## - SOURCE OF ACQUISITION
Source of stock number/acquisition DBAD/PUB
082 ## - DEWEY DECIMAL CLASSIFICATION NUMBER
Classification number N
100 ## - MAIN ENTRY--PERSONAL NAME
Personal name Aliyyah Eniath
245 ## - TITLE STATEMENT
Title The yard /
Statement of responsibility, etc by Aliyyah Eniath
260 ## - PUBLICATION, DISTRIBUTION, ETC. (IMPRINT)
Place of publication, distribution, etc New Delhi
Name of publisher, distributor, etc Speaking Tiger
Date of publication, distribution, etc 2016
270 ## - ADDRESS
Address 4381/4, Ansari Road, Daryaganj,
City New Delhi
Postal code 110002
300 ## - PHYSICAL DESCRIPTION
Extent viii,272p.
Dimensions 22cm(pbk)
942 ## - ADDED ENTRY ELEMENTS (KOHA)
Source of classification or shelving scheme Dewey Decimal Classification
Item type English Books
Call number suffix ALI
Classification part N
Holdings
Withdrawn status Lost status Not for loan Collection code Home library Current library Date acquired Source of acquisition Cost, normal purchase price Full call number Barcode Copy number Cost, replacement price Koha item type
      Fiction D.B.Act.Division Mobile Library 31/05/2016 DBAD/PUB 350.00 N ALI EN-98708 1 350.00 English Books

© Delhi Public Library
Hit Counter
free hit counter